La jurisprudencia en los derechos romano, anglosajón y continental.

Saved in:
Bibliografiske detaljer
Hovedforfatter: Falcón y Tella, María José (autora)
Andre forfattere: Philipe, Gérard (prólogo)
Format: Bog
Sprog:engelsk
Udgivet: Madrid, España: Marcial Pons; Ediciones Jurídicas y Sociales, 2010.
Fag:
Tags: Tilføj Tag
Ingen Tags, Vær først til at tagge denne postø!

MARC

LEADER 00000nam a22000007a 4500
003 CL-VaPUC
005 20230327134159.0
008 220221t2010 ||||| |||| 00| 0 eng d
999 |c 434456  |d 434454 
020 |a 978-84-9768-773-7 
040 |c Pontificia Universidad Católica de Valparaíso 
082 |a 340.5 FAL 2010   |2 22 
100 |a Falcón y Tella, María José  |e autora  |9 296324 
245 |a La jurisprudencia en los derechos romano, anglosajón y continental.  
260 |a Madrid, España:  |b Marcial Pons;   |b Ediciones Jurídicas y Sociales,   |c 2010. 
300 |a 220 páginas.  
500 |a c.1 Donación Familia Prof. Alejandro Guzmán Brito. 
583 |c 20220221  |k Yessy Stephany Diaz Vidal 
650 0 |a Derecho romano  |9 255952  |x Jurisprudencia 
650 0 |a Derecho anglosajón   |9 255952  |x Jurisprudencia 
650 0 |a Derecho continental   |x Jurisprudencia  |9 866254 
650 0 |a Jurisprudencia  |9 255952 
650 0 |a Derecho comparado  |9 255664 
700 |a Philipe, Gérard   |9 450565  |e prólogo  
942 |2 ddc  |c BK  |n 0 
952 |0 0  |1 0  |2 ddc  |4 0  |6 340_500000000000000_FAL_2010  |7 1  |8 C_AGB  |9 581334  |a BIBDER  |b BIBDER  |d 2022-02-21  |e Donación   |i 5646804  |o 340.5 FAL 2010  |p 5646804  |r 2023-01-25  |t 1  |w 2022-02-21  |y BK_US  |k AGB